000 00443nam a2200181Ia 4500
003 GCL
008 140319s9999 xx 000 0 eng d
040 _aGCL /
_cGCL
082 0 4 _a615.321
_bT C
100 1 _aTANG, STEPHEN
245 1 0 _aCHINESE HERBAL MEDICINE /
_cTANG, STEPHEN
700 1 _aCRAZE, RICHARD
260 _a[S.N] :
_bJUDY PIATKUS ،
_c1995
300 _a194 P
650 0 4 _aMEDICINE
650 0 4 _aHERBAL
942 _2ddc
_cBK
999 _c23818
_d23818